000 00718nam a2200205Ia 4500
005 20250508165936.0
008 008 250505s9999 xx 000 0 hin d
037 _aTextual
040 _aFEDL
_beng
_cFEDL
041 _ahin
_2hin
084 _a370.32, SAD
_qFEDL
100 _aSadgopal Anil
245 0 _aSansad mein shiksha ka adhikaar chheenane vala bill: Bachchon ke liye muft aur anivarya shiksha adhikar vidheyak, 2008 per sarvjanik bahas ki jarurat
260 _aBhopal, India
_bKishori Bharti
_c2009
300 _a136p.
365 _aINR
_b200
546 _aGifted by H.O.D. Namita Ranganathan in memory of Prof. Arvind Gaysu
942 _cTEXL
_h370.32, SAD
999 _c1398322
_d1398322